The Bible and Other Faiths (Record no. 11187)
[ view plain ]
| 000 -LEADER | |
|---|---|
| fixed length control field | 00633nam a2200241 a 4500 |
| 001 - CONTROL NUMBER | |
| control field | 0001-1187 |
| 003 - CONTROL NUMBER IDENTIFIER | |
| control field | ELIB.Books |
| 008 - FIXED-LENGTH DATA ELEMENTS--GENERAL INFORMATION | |
| fixed length control field | 150511 2010 eng |
| 020 ## - INTERNATIONAL STANDARD BOOK NUMBER | |
| International Standard Book Number | 13: 9781844740802 |
| 035 ## - SYSTEM CONTROL NUMBER | |
| System control number | (ELIB.Books)0001-1342 |
| 092 ## - LOCALLY ASSIGNED DEWEY CALL NUMBER (OCLC) | |
| Classification number | 200 |
| Item number | Gla |
| 100 ## - MAIN ENTRY--PERSONAL NAME | |
| Personal name | Glaser, Ida. |
| 245 ## - TITLE STATEMENT | |
| Title | The Bible and Other Faiths |
| Remainder of title | What Does The Lord Require of Us? |
| 260 ## - PUBLICATION, DISTRIBUTION, ETC. (IMPRINT) | |
| Place of publication, distribution, etc. | Leicester |
| Name of publisher, distributor, etc. | Inter Versity Press |
| Date of publication, distribution, etc. | 2005 |
| 300 ## - PHYSICAL DESCRIPTION | |
| Extent | 253 |
| Dimensions | 19.5 Cm |
| 500 ## - GENERAL NOTE | |
| General note | Library |
| 650 ## - SUBJECT ADDED ENTRY--TOPICAL TERM | |
| Topical term or geographic name as entry element | Religion |
| 856 ## - ELECTRONIC LOCATION AND ACCESS | |
| Name of location of host | KBTS: Library |
| Uniform Resource Identifier | <a href="KBTS: Elib">KBTS: Elib</a> |
| 942 ## - ADDED ENTRY ELEMENTS (KOHA) | |
| Source of classification or shelving scheme | Dewey Decimal Classification |
| Koha item type | Books |
| 990 ## - EQUIVALENCES OR CROSS-REFERENCES [LOCAL, CANADA] | |
| Link information for 9XX fields | 1 |
| 998 ## - LOCAL CONTROL INFORMATION (RLIN) | |
| Cataloger's initials, CIN (RLIN) | bat |
| -- | 2015-05-11 |
| Withdrawn status | Lost status | Source of classification or shelving scheme | Damaged status | Not for loan | Home library | Current library | Date acquired | Total Checkouts | Barcode | Date last seen | Bill Date | Koha item type |
|---|---|---|---|---|---|---|---|---|---|---|---|---|
| Dewey Decimal Classification | Karen Baptist Theological Seminary Library | Karen Baptist Theological Seminary Library | 11/05/2015 | 12729 | 22/01/2022 | 22/01/2022 | Books |